000 00783cab a22001935a 4500
001 L149627
008 100329e20100320xxk 000 0 eng d
035 _a(Sirsi) u149627
041 0 _aeng
100 1 _aMoxey, Kate
245 0 0 _aOut of the shadows
260 _c2010
490 _aEstates Gazette
_v(1011) 20 March 2010, 112-114(3)
520 _aValuation of development sites on behalf of housing associations. Definition and implication of market value versus calculation of worth. Takes a subjective view of residual appraisal for valuation of affordable housing sites. Explains the background to the appraisal process
590 _aKA
651 4 8 _aUnited Kingdom
_y
690 _aPROPERTY-RESIDENTIAL PROPERTY-RESIDENTIAL PROPERTY APPRAISAL AND VALUATION
942 _n0
999 _c82234
_d82234